000 00571nam a2200181 i 4500
001 bgj
245 0 0 _aTwo Ways of Seeing :
_ban anthology of poems and photographs /
_cedited by Wilson G. Pinney ; photographs by Allen Say.
260 _aBoston :
_bLittle, Brown and Company,
_cc. 1971.
300 _aXII, 208, [1] pp :
_bill. ;
_c22 cm.
650 9 _aEnglish poetry
650 9 _aAmerican poetry
700 1 _aPINNEY, Wilson G.
_eeditor
700 1 _aSAY, Allen.
_ephot.
040 _cBPK
041 0 _aeng
942 _cKS
008 s uk f |000 0 eng
999 _c47493
_d47493
856 _uhttp://koha.tu.koszalin.pl/cgi-bin/koha/opac-detail.pl?biblionumber=47493
_yKatalog online BPK